| 000 -LEADER |
| fixed length control field |
00903nam a22001577a 4500 |
| 003 - CONTROL NUMBER IDENTIFIER |
| control field |
OSt |
| 005 - DATE AND TIME OF LATEST TRANSACTION |
| control field |
20220406145406.0 |
| 008 - FIXED-LENGTH DATA ELEMENTS--GENERAL INFORMATION |
| fixed length control field |
150926b xxu||||| |||| 00| 0 eng d |
| 040 ## - CATALOGING SOURCE |
| Transcribing agency |
RUA |
| 082 ## - DEWEY DECIMAL CLASSIFICATION NUMBER |
| Classification number |
AGR PEN 2013 B054 Or.1 |
| 100 ## - MAIN ENTRY--PERSONAL NAME |
| 9 (RLIN) |
1386 |
| Personal name |
PEN, PILOT. |
| 245 ## - TITLE STATEMENT |
| Title |
Effect of (DAP and KCL) level on germination and sowing growth by rogro machine of IR 66 variety in early season condition ឥទ្ធិពលកម្រិតជីទ្រាប់បាតដេអាប៉េ និងប៉ូតាស្យូមក្លរួលើដំណុះគ្រាប់ និងការលូតលាស់នៃពូជស្រូវអ៊ីអ៊ែរ៦៦ពង្រោះដោយម៉ាស៊ីន(ROGRO)ក្នុងលក្ខខ័ណ្ឌដើមរដូវវស្សា |
| 260 ## - PUBLICATION, DISTRIBUTION, ETC. (IMPRINT) |
| Place of publication, distribution, etc. |
Phnom Penh |
| Name of publisher, distributor, etc. |
RUA |
| Date of publication, distribution, etc. |
2013 |
| 300 ## - PHYSICAL DESCRIPTION |
| Extent |
xii; 46p. |
| Other physical details |
ill. |
| Dimensions |
29cm. |
| 942 ## - ADDED ENTRY ELEMENTS (KOHA) |
| Source of classification or shelving scheme |
|
| Koha item type |
AGR |